01386nam a2200349 a 4500001001000000003000500010005001700015008004100032010001100073011001100084040000900095090001000104100004000114245018800154260004100342500006000383502007000443590004100513590004100554590004000595590004000635590004000675650003700715650002700752650003100779856007000810901000700880942001000887942000600897999001900903952011400922000115548CHAP20220329144539.0190605s2019 mx a sm |||||||spa d a112009 a112981 cCHAP aTesis1 aVelasco Luis, Mario Ubaldo.913595310aHongos en rodales de pino-encino en la Comunidad de San Miguel Hidalgo, municipio de San Antonio Huitepec, Distrito de Zaachila, Oaxaca /h[En línea]cpor Mario Ubaldo Velasco Luis. aChapingo, Méx. :bEl autor,c2019. aPara ver el contenido del material haga clic en la liga aTesis (Ing. Forestal ) -- UACH. División de Ciencias Forestales aBATCH-UPDb05c20190605lUCH01h1440 aE11695DGDb10c20190606lUCH01h1251 aE8697GMMb05c20190605lUCH01h0955 aE8697GMMb05c20190605lUCH01h0957 aE8697GMMb05c20190605lUCH01h143914aHongosxIdentificación.95610514aHongosxOaxaca.95611314aHongosxVariedades.956120 aFinding aiduhttp://10.13.5.2/tesis/sist115548.pdfzTeclea aquí aBK cTESIS n0 c112009d112009 00102local40718TESISaBCbBCd2019-06-05fTESISl0oTesisp115559-10r2019-12-31 00:00:00w2019-06-05yCD